000 00503nam a22001817a 4500
999 _c171262
_d171262
005 20200109145706.0
010 _aENG-127336
020 _a9788193354223
_c880.00
035 _aEN-110868
037 _bDBAD/PUB
082 _a394.2
100 _aRana,Vivek
245 _aPanorama of Indian festivals/
_cVivek Rana
260 _aDelhi
_bBook Shores
_c2016
270 _aB-16,Subhavana Niketan,Pitam Pura
_bDelhi
_e110034
300 _a232p
_c22cm(hb)
942 _2ddc
_cEN
_h394.2
_mRAN